Terrestrial ecoregions of the Indo-Pacific : (Record no. 12339)

000 -LEADER
fixed length control field 00671cam a22001934a 4500
020 ## - INTERNATIONAL STANDARD BOOK NUMBER
ISBN 1559639237 (paper : alk. paper)
040 ## - CATALOGING SOURCE
Transcribing agency DLC
082 00 - DEWEY DECIMAL CLASSIFICATION NUMBER
Classification number 333 LSL 2002 A19 Or.
245 00 - TITLE STATEMENT
Title Terrestrial ecoregions of the Indo-Pacific :
Remainder of title a conservation assessment /
260 ## - PUBLICATION, DISTRIBUTION, ETC. (IMPRINT)
Place of publication Washington, D.C. :
Name of publisher Island Press,
Year of publication c2002.
300 ## - PHYSICAL DESCRIPTION
Number of Pages xxix, 643 p. :
Other physical details col. ill., maps (some col.) ;
Dimensions 28 cm.
500 ## - GENERAL NOTE
General note "World Wildlife Fund--United States."
650 #0 - SUBJECT ADDED ENTRY--TOPICAL TERM
Topical Term Biodiversity conservation
650 #0 - SUBJECT ADDED ENTRY--TOPICAL TERM
Topical Term Ecological regions
650 #0 - SUBJECT ADDED ENTRY--TOPICAL TERM
Topical Term Ecology
700 1# - ADDED ENTRY--PERSONAL NAME
Personal name Wikramanayake, Eric D.
856 42 - ELECTRONIC LOCATION AND ACCESS
Uniform Resource Identifier http://www.loc.gov/catdir/enhancements/fy0666/2001006930-d.html
942 ## - ADDED ENTRY ELEMENTS (KOHA)
Koha item type សៀវភៅភាសាអង់គ្លេស
952 ## - LOCATION AND ITEM INFORMATION (KOHA)
Withdrawn status [LOCAL, KOHA] 0
Holdings
Permanent Location Date acquired Koha item type Lost status Shelving location Barcode Current Location Full call number
Library Block A2017-08-12សៀវភៅភាសាអង់គ្លេស A019A15149Library Block A333 LSL 2002 A19 Or.
មជ្ឈមណ្ឌលឯការនៃសាកលវិទ្យាល័យភូមិន្ទកសិកម្មចំការដូង

Powered by Koha